000 00607nai a2200181Ia 4500
003 IN-BaIIA
008 211028c9999 xx s 000 0 eng d
022 _a1438-7697 (Print)
022 _a1438-9312 (Online)
040 _cIIA Library
245 0 _aEuropean Journal Of Lipid Science And Technology
_h[eJournal]
260 _aNew Jersey
_bJohn Wiley & Sons
310 _aMonthly
362 _a98(1); 1996 - Present
521 _bSubscribed through National Knowledge Resource Consortium (NKRC)
856 _uhttps://onlinelibrary.wiley.com/journal/14389312
_yClick Here to Access eJournal
942 _cEJ
999 _c34352
_d34352